zpět

Detail výsledku týmu

U Jelena, Liberec

Datum a čas kvízu

28 Celkem bodů Celkový počet nahraných bodů na tomto kvízu bez doplňovacích otázek.
6. Pořadí na kvízu Konečné umístění týmu na tomto kvízu.

Zaznamenané odpovědi

# Otázka Odpověď Body Výsledky
1. V pondělí přijel na státní náv... z Belgie 1
2. Na pozemku u bratislavského le... Sbohem (Zbohom) Fico 1
3. Minulý týden vyšlo album Ostra... Michal Prokop 1
4. Filipínské a americké vojenské... D) Předčasné samovolné potopení filipínské lodi. 1
5. Tři minuty a 57 sekund. Přesně... Španělsko 0
6. Podíváme se na historické udál... O. J. Simpson, americký fotbal 1
7. Dne 8. června 1992 došlo na ji... vila Tugendhat 1
8. V České republice vystoupila o... D 1
9. Ve kterém roce vstoupila Česká... v roce 2004, Vladimír Špidla 1
10. Uveďte název města, kde byla p... Turín; Nagano 1